|
|
|
|
| LEADER |
01220cam a2200325Ia 4500 |
| 001 |
9780203208816 |
| 003 |
FlBoTFG |
| 005 |
20091230162919.0 |
| 006 |
a|||||s||||||||||| |
| 007 |
cr|||| |
| 008 |
980430s1999 enkab sb 101 0 eng d |
| 020 |
|
|
|a 9780203208816 (e-book : PDF)
|
| 040 |
|
|
|a FlBoTFG
|c FlBoTFG
|d GrThAP
|
| 090 |
|
|
|a CC77.H5
|b H574 1999
|
| 092 |
|
|
|a 930.1
|b H673
|
| 245 |
0 |
0 |
|a Historical archaeology
|h [electronic resource] :
|b back from the edge /
|c edited by Pedro Paulo A. Funari, Martin Hall, and Siãan Jones.
|
| 260 |
|
|
|a London ;
|a New York :
|b Routledge,
|c 1999.
|
| 300 |
|
|
|a xx, 350 p. :
|b ill., maps.
|
| 490 |
1 |
|
|a One world archaeology ;
|v 31
|
| 504 |
|
|
|a Includes bibliographical references and index.
|
| 530 |
|
|
|a Also available in print edition.
|b CRC Press (http://www.crcpress.com)
|
| 538 |
|
|
|a Mode of access: World Wide Web.
|
| 650 |
|
0 |
|a Archaeology and history
|v Congresses.
|
| 655 |
|
7 |
|a Electronic books.
|2 lcsh
|
| 700 |
1 |
|
|a Funari, Pedro Paulo A.
|
| 700 |
1 |
|
|a Hall, Martin,
|d 1952-
|
| 700 |
1 |
|
|a Jones, S.
|q (Siãan),
|d 1968-
|
| 776 |
1 |
|
|z 9780415117876
|
| 830 |
|
0 |
|a One world archaeology ;
|v 31.
|
| 856 |
4 |
0 |
|u http://www.tandfebooks.com/isbn/9780203208816
|z Full Text via HEAL-Link
|